000 02122nam a2200265 a 4500
001 BRCA_8795
005 20190320210420.0
008 190417s1780----sp-#######---#000-0#spa-#
041 _aspa
044 _asp
084 _aBE176
_b.C37 1780
100 1 _aCastro, Juan Francisco de
_921340
245 1 0 _aDios, y la naturaleza
_bcompendio histórico natural, y político del universo, en que se demuestra la existencia de Dios, y se refiere la historia natural, y civil, la religión, leyes, y costumbres de las naciones antiguas y modernas más conocidas del Orbe
_cpor el doctor Don Juan Francisco de Castro...
260 _aMadrid
_bpor D. Joachin Ibarra, Impresor de Cámaras de S.M.
_c1780
300 _aXLII, 344p. (t.1)
_c21.3 x 15 cm.
500 _aCon las licencias necesarias
500 _aEstado físico: presenta encuadernación en pergamino, con presencia del pez de plata, algunas hojas manchadas y lomo semi desprendido
500 _aCon marca de fuego: “Procedencia de la marca: Convento de San Francisco Santa María del Pueblito de Querétaro(1). Institución: Orden de Frailes Menores. Provincia de San Pedro y San Pablo de Michoacán. Descripción: Monograma conformado por las iniciales “P”, “u”, “E” seguidas de “b”, “I”, “T” y “o” que se desata como Pueblito(2) dentro de un filete en forma de rombo. Observaciones: Krausse la incluye entre las marcas no identificadas. David Saavedra la identifica como del Convento Franciscano de Santa María del Pueblito, Villa Corregidora de Querétaro. Con el testimonio de pertenencia ubicado en este ejemplar se corrobora la atribución realizada por David Saavedra. Ubicación de la marca en el libro: Canto superior, inferior y lateral”
650 1 4 _aApologética
_yObras anteriores a 1800
_921341
650 1 4 _aAteismo
_yObras anteriores a 1800
_921342
700 1 _aIbarra, Joachin
_eImpresor
_921929
856 _ahttp://www.marcasdefuego.buap.mx:8180/xmLibris/projects/firebrand/item.jsp?repository=marcas_de_fuego&key=marcas_de_fuego_franciscanas_20150618135223_2ccc.xml&num=124
902 _aCFM
942 _2lcc
_cB
999 _c8446
_d8446